A hátraszegett nyakú hitelesség
Elmentve itt :
| Szerző: | |
|---|---|
| Adatforrás: | Philobibl |
| Forrásdokumentuma: | Korunk 23.2012:1. p. 50-51. |
| Dokumentumtípus: | Cikk |
| Nyelv: | magyar |
| Kulcsszavak: | hitelesség etika megalkuvás őszinteség |
| LEADER | 00422nab a2200157 c 4500 | ||
|---|---|---|---|
| 001 | bibPHI0042217 | ||
| 005 | 20200924124710.6 | ||
| 008 | 110127s2012 rm hun | ||
| 035 | |a human/philobibl/42215 | ||
| 100 | 1 | |a Demény Péter | |
| 245 | 1 | 2 | |a A hátraszegett nyakú hitelesség |c Demény Péter |
| 695 | |a hitelesség | ||
| 695 | |a etika | ||
| 695 | |a megalkuvás | ||
| 695 | |a őszinteség | ||
| 773 | 0 | |t Korunk |g 23.2012:1. p. 50-51. | |